Statistics for Pictures by Letter - T

Click here to take the quiz!

General Stats

  • This quiz has been taken 20,772 times
  • The average score is 12 of 16

Answer Stats

Answer% Correct
Titanic
96%
Tulip
95%
Turkey
93%
Thor
91%
Tiara
86%
Troll
86%
Trojan
85%
Tipi
83%
Tiramisu
81%
Talon
70%
Toronto
68%
Terracotta
63%
Tuscany
61%
Turquoise
52%
Trilobite
35%
Tardigrade
21%

Score Distribution

Percentile by Number Answered

Percent of People with Each Score

Your Score History

You have not taken this quiz